The Woodrow Wilson Presidency - Statistics

General Stats
  • This quiz has been taken 352 times
  • The average score is 10 of 14
Answer Stats
Hint Answer % Correct
Growing up in the South during the mid 1860s, it has been said that the young Wilson once witnessed defeated General Robert E. Lee march on Augusta. Which war was witnessed by Wilson? American Civil War
94%
Which modern day political party was Woodrow Wilson affiliated with? Democratic Party
94%
Which global conflit did Wilson lead the USA through? World War I
93%
Wilson once praised film maker D. W. Griffith for his movie ''The Birth of a Nation''. What racist cross burning organization was portrayed in the film? Ku Klux Klan
84%
After over a century of protest by the Suffragettes, what was accorded to women by the 19th amendment, which was ratified by Wilson and would come under effect in 1920? Right to Vote
84%
In order to bring everlasting peace to the world after what was the deadliest conflict ever recorded, which international organization, the predecessor of the United Nations, did Wilson take part in creating? League of Nations
82%
Before becoming Governor of the State of New Jersey and later president, which Ivy league university did Wilson teach at? Princeton
79%
Which treaty, approved by Wilson and most senate Democrats, was signed on the 28th of June 1919? Treaty of Versailles
79%
Who was Wilson's vice president? (hint: he bears the same name as the plan put in place by the US to reconstruct Europe after the Second World War) Thomas R. Marshall
77%
Characterized by the blocking of blood circulation to the brain, what accident did Woodrow Wilson finally succumb to in 1924? Stroke
70%
Which central banking system, namely known for issuing the currency, did Wilson create? Federal Reserve
59%
Known to be an avid racist, what policies, similar to Apartheid in South Africa, did Wilson say to be '' not a humiliation but a benefit, and ought to be so regarded by you gentlemen'' while in a meeting with civil-rights leader William Monroe Trotter Segregation
55%
What was Wilson's 1916 reelection slogan, alluding to his opposing to any foreign intervention in that war? ''He Kept Us Out of War''
49%
Wilson was said to have impeccable speaking skills and charisma. Before becoming an educator, what was his profession? Lawyer
45%
No matching quizzes found
Score Distribution
Percent of People with Each Score
Percentile by Number Answered
Your Score History
You have not taken this quiz